[Event "Lorca Christmas op"]
[Site "Lorca"]
[Date "2022.12.30"]
[Round "9"]
[White "Cabrera Pino, Alexis"]
[Black "Ceres, Dragos"]
[Result "1/2-1/2"]
[WhiteElo "2471"]
[BlackElo "2412"]
[PlyCount "78"]
[EventDate "2022.12.26"]
[EventType "swiss"]
[EventRounds "9"]
[EventCountry "ESP"]
[SourceTitle "CBM 211 Extra"]
[Source "ChessBase"]
[SourceDate "2023.01.31"]
[SourceVersion "1"]
[SourceVersionDate "2023.01.31"]
[SourceQuality "1"]

1. e4 e5 2. Nf3 Nc6 3. Nc3 Nf6 4. d4 exd4 5. Nxd4 Bb4 6. Nxc6 bxc6 7. Bd3 0-0 8. 0-0 d5 9. exd5 cxd5 10. h3 c6 11. Qf3 Rb8 12. Bf4 Bd6 13. b3 Be6 14. Rad1 Qc7 15. Ne2 Nd7 16. Rfe1 Nc5 17. Bxd6 Qxd6 18. Nd4 a5 19. Qh5 g6 20. Qh6 Rfe8 21. Nf3 Qf8 22. Qf4 a4 23. g4 Nxd3 24. Rxd3 c5 25. Rde3 axb3 26. axb3 d4 27. Re5 d3 28. cxd3 Rxb3 29. Ng5 Rxd3 30. Ne4 Red8 31. Nxc5 Rxh3 32. Kg2 Qh6 33. Nxe6 fxe6 34. Qxh6 Rxh6 35. Rxe6 Rh4 36. Kg3 g5 37. R1e5 h6 38. Re7 Rh1 39. f3 Rd2 1/2-1/2

[Event "Alicante Easter op 6th"]
[Site "Alicante"]
[Date "2022.04.14"]
[Round "3"]
[White "Cabrera Pino, Alexis"]
[Black "Perea Fruet, Lorenzo"]
[Result "1-0"]
[WhiteElo "2482"]
[BlackElo "2239"]
[PlyCount "73"]
[EventDate "2022.04.13"]
[EventType "swiss"]
[EventRounds "9"]
[EventCountry "ESP"]
[SourceTitle "CBM 207 Extra"]
[Source "ChessBase"]
[SourceDate "2022.05.31"]
[SourceVersion "1"]
[SourceVersionDate "2022.05.31"]
[SourceQuality "1"]

1. e4 c5 2. Nf3 e6 3. d4 cxd4 4. Nxd4 Nf6 5. Nc3 Nc6 6. Ndb5 Bc5 7. Bf4 0-0 8. Bc7 Qe7 9. Bd6 Bxd6 10. Qxd6 Qd8 11. Be2 Ne8 12. Qd2 a6 13. Nd4 d5 14. exd5 exd5 15. 0-0-0 Nf6 16. Rhe1 Re8 17. Bf3 Be6 18. Qf4 Nxd4 19. Rxd4 Rc8 20. Red1 Rc5 21. g4 Rxc3 22. bxc3 Qa5 23. Kb2 Rc8 24. R1d3 Ne4 25. Bxe4 dxe4 26. Qxe4 Qxa2+ 27. Kc1 Qa5 28. Qe5 b5 29. f4 Re8 30. Re3 Rf8 31. f5 Qa1+ 32. Kd2 Bc4 33. Qe7 Qa5 34. Re5 Qb6 35. Rd6 Qf2+ 36. Kc1 f6 37. Rd8 1-0

[Event "La Roda op 47th"]
[Site "La Roda"]
[Date "2021.12.07"]
[Round "8"]
[White "Cabrera Pino, Alexis"]
[Black "Tejedor Fuente, Enrique"]
[Result "1/2-1/2"]
[WhiteElo "2481"]
[BlackElo "2430"]
[PlyCount "106"]
[EventDate "2021.12.04"]
[EventType "swiss"]
[EventRounds "9"]
[EventCountry "ESP"]
[SourceTitle "CBM 205 Extra"]
[Source "ChessBase"]
[SourceDate "2022.01.31"]
[SourceVersion "1"]
[SourceVersionDate "2022.01.31"]
[SourceQuality "1"]

1. e4 e5 2. Nf3 Nc6 3. Bb5 Bc5 4. c3 Nf6 5. 0-0 Nxe4 6. Qe2 d5 7. d3 Nf6 8. d4 Bb6 9. Nxe5 0-0 10. Nxc6 bxc6 11. Bxc6 Rb8 12. Bf4 Bg4 13. Qd3 Qc8 14. Re1 Bf5 15. Qe2 Bg4 16. Qd3 Bf5 17. Qf1 a5 18. Nd2 Ba7 19. b3 Rb6 20. Bb5 Nh5 21. Be3 Rg6 22. Be2 Bg4 23. Nf3 Bxf3 24. Bxf3 Qf5 25. Bxh5 Qxh5 26. Bf4 Qf3 27. Bd2 c5 28. Re3 Qf4 29. Rd1 cxd4 30. Re7 Qf3 31. Rc1 Bc5 32. Re5 Bd6 33. Kh1 Qf6 34. Rxd5 dxc3 35. Rxc3 Qh4 36. Rh3 Qe4 37. Rhd3 Bc7 38. R5d4 Qe6 39. Qe1 Qc6 40. Qe4 Qc2 41. Rc4 Qxa2 42. g3 Re6 43. Qf3 Bb6 44. Kg2 Rf6 45. Rf4 Rxf4 46. Qxf4 Qc2 47. Qf3 a4 48. Bb4 Rc8 49. bxa4 Qxa4 50. Bc3 Qc6 51. Qxc6 Rxc6 52. Bd2 Rc8 53. h4 Rd8 1/2-1/2

[Event "La Roda op 47th"]
[Site "La Roda"]
[Date "2021.12.06"]
[Round "6"]
[White "Cabrera Pino, Alexis"]
[Black "Alonso Garcia, Aaron"]
[Result "1/2-1/2"]
[WhiteElo "2481"]
[BlackElo "2367"]
[PlyCount "102"]
[EventDate "2021.12.04"]
[EventType "swiss"]
[EventRounds "9"]
[EventCountry "ESP"]
[SourceTitle "CBM 205 Extra"]
[Source "ChessBase"]
[SourceDate "2022.01.31"]
[SourceVersion "1"]
[SourceVersionDate "2022.01.31"]
[SourceQuality "1"]

1. Nf3 c5 2. g3 Nc6 3. Bg2 e5 4. d3 d5 5. 0-0 Nf6 6. Na3 Be7 7. e4 0-0 8. c3 Be6 9. Ng5 Bg4 10. f3 Bc8 11. Qe2 h6 12. Nh3 Re8 13. Nf2 Bf8 14. Nc2 Be6 15. Bh3 Bxh3 16. Nxh3 Qd7 17. Nf2 b5 18. Ne3 Rad8 19. Nfg4 Nxg4 20. fxg4 d4 21. Nd5 Ne7 22. c4 bxc4 23. dxc4 Nxd5 24. cxd5 c4 25. Qxc4 Qxg4 26. Qd3 Rb8 27. b3 a5 28. Bd2 Bb4 29. Bxb4 axb4 30. Rac1 Rec8 31. Rc6 Rxc6 32. dxc6 Qe6 33. Rc1 Rc8 34. Qb5 d3 35. Kf2 Qd6 36. Qd5 d2 37. Rd1 Rxc6 38. Rxd2 Qxd5 39. exd5 Rd6 40. Ke3 f5 41. g4 g6 42. gxf5 gxf5 43. Rf2 Rf6 44. d6 Kf7 45. Rd2 Ke8 46. d7+ Kd8 47. Rd5 Re6 48. h4 h5 49. Kf3 Re7 50. Ke3 Re6 51. Kf3 Re7 1/2-1/2

[Event "La Roda op 47th"]
[Site "La Roda"]
[Date "2021.12.04"]
[Round "1"]
[White "Paris Turegano, Javier"]
[Black "Cabrera Pino, Alexis"]
[Result "0-1"]
[WhiteElo "1898"]
[BlackElo "2481"]
[PlyCount "82"]
[EventDate "2021.12.04"]
[EventType "swiss"]
[EventRounds "9"]
[EventCountry "ESP"]
[SourceTitle "CBM 205 Extra"]
[Source "ChessBase"]
[SourceDate "2022.01.31"]
[SourceVersion "1"]
[SourceVersionDate "2022.01.31"]
[SourceQuality "1"]

1. Nc3 d5 2. e4 d4 3. Nce2 c5 4. Ng3 Nf6 5. Bc4 e6 6. d3 Nc6 7. f4 h5 8. e5 h4 9. Nf1 Nd5 10. a3 b5 11. Bxd5 Qxd5 12. Qf3 Qd7 13. Nd2 Bb7 14. Ne4 0-0-0 15. Nh3 Be7 16. Nhg5 Rdf8 17. Qh3 Nd8 18. 0-0 f6 19. Nf3 Nc6 20. Bd2 fxe5 21. fxe5 Rf5 22. Ng3 Rff8 23. Ne4 Kb8 24. Rae1 Qd5 25. Nd6 Bxd6 26. exd6 Rf5 27. Qg4 h3 28. gxh3 Rhf8 29. Nh4 Ne5 30. Qe4 Rxf1+ 31. Rxf1 Rxf1+ 32. Kxf1 Qxe4 33. dxe4 Bxe4 34. Bf4 Nd7 35. c3 Kb7 36. Kf2 Kc6 37. Nf3 Bxf3 38. Kxf3 e5 39. Bd2 Kxd6 40. Ke4 Ke6 41. Bg5 Nf6+ 0-1

[Event "Catalunya-chT"]
[Site "Catalunya"]
[Date "2014.02.22"]
[Round "5.2"]
[White "Cabrera Pino, Alexis"]
[Black "Vila Gazquez, Xavier"]
[Result "1/2-1/2"]
[WhiteElo "2420"]
[BlackElo "2471"]
[PlyCount "56"]
[EventDate "2014.01.25"]
[EventType "team"]
[EventRounds "11"]
[EventCountry "ESP"]
[SourceTitle "EXT 2015"]
[Source "ChessBase"]
[SourceDate "2014.11.20"]
[SourceVersion "1"]
[SourceVersionDate "2014.11.20"]
[SourceQuality "1"]
[WhiteTeam "Barbera"]
[BlackTeam "Barcelona Uga"]
[WhiteTeamCountry "ESP"]
[BlackTeamCountry "ESP"]

1. d4 d5 2. c4 dxc4 3. Nf3 Nf6 4. e3 Bg4 5. h3 Bh5 6. Nc3 e6 7. g4 Bg6 8. Ne5 Nbd7 9. Nxg6 hxg6 10. Bxc4 Nb6 11. Bf1 Bb4 12. Bg2 Nfd5 13. Bd2 Qd7 14. 0-0 0-0-0 15. Ne4 Bxd2 16. Qxd2 f5 17. Nc5 Qd6 18. Qe2 e5 19. Rfc1 exd4 20. exd4 c6 21. Nd3 Kb8 22. a4 Rhe8 23. Qf3 fxg4 24. Qxg4 Nf6 25. Qxg6 Qxd4 26. Nc5 Nbd5 27. b4 Re2 28. Qg3+ Qf4 1/2-1/2

[Event "Andorra op 31st"]
[Site "La Massana"]
[Date "2013.07.26"]
[Round "7"]
[White "Cabrera Pino, Alexis"]
[Black "Vazquez Igarza, Renier"]
[Result "0-1"]
[WhiteElo "2525"]
[BlackElo "2571"]
[PlyCount "102"]
[EventDate "2013.07.20"]
[EventType "swiss"]
[EventRounds "9"]
[EventCountry "AND"]
[SourceTitle "CBM 155 Extra"]
[Source "ChessBase"]
[SourceDate "2013.08.26"]
[SourceVersion "1"]
[SourceVersionDate "2013.08.26"]
[SourceQuality "1"]

1. e4 c5 2. Nf3 e6 3. d4 cxd4 4. Nxd4 Nc6 5. Nc3 Qc7 6. Be3 a6 7. Qd2 Nf6 8. 0-0-0 Bb4 9. f3 0-0 10. g4 b5 11. g5 Nh5 12. Nxc6 Qxc6 13. Be2 Ba5 14. a3 b4 15. axb4 Bxb4 16. f4 Bxc3 17. bxc3 g6 18. Qd4 Bb7 19. Bf3 d6 20. Bxh5 gxh5 21. Qf6 e5 22. Rhg1 Qxe4 23. Rd3 Bc8 24. Qxd6 Bf5 25. Qxe5 Qxe5 26. fxe5 a5 27. Rd4 a4 28. Rb4 Rfc8 29. Kd2 Be6 30. Ra1 a3 31. Bd4 Ra6 32. Rb3 a2 33. Rb4 h6 34. gxh6 Kh7 35. Kc1 Rg8 36. Kb2 Rg2 37. Rb6 Rxb6+ 38. Bxb6 Rxh2 39. c4 Bxc4 40. Be3 Be6 41. Bf4 Rg2 42. Rh1 h4 43. Ka1 Rxc2 44. Rg1 h3 45. Rg7+ Kh8 46. Rg1 Re2 47. Bg3 Kh7 48. Bf4 Rf2 49. Bg3 Rg2 50. Bh2 Rxg1+ 51. Bxg1 Kxh6 0-1

[Event "Andorra op 31st"]
[Site "La Massana"]
[Date "2013.07.23"]
[Round "4"]
[White "Rodshtein, Maxim"]
[Black "Cabrera Pino, Alexis"]
[Result "1-0"]
[WhiteElo "2641"]
[BlackElo "2525"]
[PlyCount "73"]
[EventDate "2013.07.20"]
[EventType "swiss"]
[EventRounds "9"]
[EventCountry "AND"]
[SourceTitle "CBM 155 Extra"]
[Source "ChessBase"]
[SourceDate "2013.08.26"]
[SourceVersion "1"]
[SourceVersionDate "2013.08.26"]
[SourceQuality "1"]

1. Nf3 Nf6 2. c4 c5 3. Nc3 Nc6 4. d4 cxd4 5. Nxd4 g6 6. e4 Nxd4 7. Qxd4 d6 8. Be2 Bg7 9. Be3 0-0 10. Qd2 a5 11. 0-0 a4 12. Bd4 Be6 13. f4 Qa5 14. Rad1 Rfc8 15. b3 axb3 16. axb3 Qb4 17. f5 Bd7 18. Bxf6 Bxf6 19. Nd5 Qxd2 20. Nxf6+ exf6 21. Rxd2 Bc6 22. fxg6 fxg6 23. Rxf6 Ra1+ 24. Rf1 Rxf1+ 25. Bxf1 Re8 26. b4 Kf7 27. Rxd6 Rxe4 28. Rd8 Re1 29. b5 Be4 30. Kf2 Rc1 31. Rd7+ Ke6 32. Rxh7 Rc2+ 33. Ke3 Bxg2 34. Bxg2 Rxg2 35. Rxb7 Rxh2 36. b6 Kd6 37. Rc7 1-0

[Event "Barbera del Valles op 36th"]
[Site "Barbera del Valles"]
[Date "2013.07.09"]
[Round "6"]
[White "Cabrera Pino, Alexis"]
[Black "Cruz, Cristhian"]
[Result "0-1"]
[WhiteElo "2525"]
[BlackElo "2499"]
[PlyCount "66"]
[EventDate "2013.07.04"]
[EventType "swiss"]
[EventRounds "9"]
[EventCountry "ESP"]
[SourceTitle "CBM 155 Extra"]
[Source "ChessBase"]
[SourceDate "2013.08.26"]
[SourceVersion "1"]
[SourceVersionDate "2013.08.26"]
[SourceQuality "1"]

1. d4 e6 2. c4 Nf6 3. Nc3 Bb4 4. Qc2 Nc6 5. Nf3 d6 6. Bd2 0-0 7. a3 Bxc3 8. Bxc3 Re8 9. e3 e5 10. d5 Ne7 11. e4 a5 12. b3 Nh5 13. Nd2 f5 14. g3 Nf6 15. Bd3 c6 16. 0-0 fxe4 17. Nxe4 cxd5 18. Nxf6+ gxf6 19. cxd5 Bh3 20. Rfe1 Kg7 21. Qe2 Rh8 22. Qh5 Qd7 23. Bd2 Bf5 24. Bh6+ Kg8 25. Re4 Bg6 26. Rg4 Kf7 27. Qh3 Bxd3 28. Rg7+ Ke8 29. Qh4 Qf5 30. g4 Qf3 31. g5 Be4 32. Kf1 Nf5 33. gxf6 Nxh4 0-1

[Event "Barbera del Valles op 36th"]
[Site "Barbera del Valles"]
[Date "2013.07.07"]
[Round "4"]
[White "Cabrera Pino, Alexis"]
[Black "Bergez, Luc"]
[Result "1-0"]
[WhiteElo "2525"]
[BlackElo "2395"]
[PlyCount "67"]
[EventDate "2013.07.04"]
[EventType "swiss"]
[EventRounds "9"]
[EventCountry "ESP"]
[SourceTitle "CBM 155 Extra"]
[Source "ChessBase"]
[SourceDate "2013.08.26"]
[SourceVersion "1"]
[SourceVersionDate "2013.08.26"]
[SourceQuality "1"]

1. d4 Nf6 2. c4 g6 3. Nc3 Bg7 4. e4 d6 5. f3 0-0 6. Nge2 c5 7. d5 e6 8. Ng3 exd5 9. cxd5 a6 10. a4 Nbd7 11. Be2 Re8 12. 0-0 h5 13. Be3 Nf8 14. Qd2 N8h7 15. Bc4 b6 16. h3 h4 17. Nge2 Nh5 18. Rab1 f5 19. b4 Qf6 20. bxc5 bxc5 21. exf5 Bxf5 22. Rb6 Qe7 23. Bxc5 Rac8 24. Rc6 Qf7 25. Qa2 Bxc3 26. Nxc3 Qg7 27. Bb4 Ng3 28. Rd1 Ng5 29. Qd2 Nf7 30. Bxa6 Rcd8 31. Rc7 Qf6 32. Ne2 Rxe2 33. Bxe2 Ng5 34. Bc3 1-0

[Event "Montcada op 21st"]
[Site "Montcada"]
[Date "2013.07.03"]
[Round "9"]
[White "Cabrera Pino, Alexis"]
[Black "Ortiz Suarez, Isan Reynaldo"]
[Result "1-0"]
[WhiteElo "2525"]
[BlackElo "2612"]
[PlyCount "107"]
[EventDate "2013.06.25"]
[EventType "swiss"]
[EventRounds "9"]
[EventCountry "ESP"]
[SourceTitle "CBM 155 Extra"]
[Source "ChessBase"]
[SourceDate "2013.08.26"]
[SourceVersion "1"]
[SourceVersionDate "2013.08.26"]
[SourceQuality "1"]

1. e4 c5 2. Nf3 d6 3. d4 cxd4 4. Nxd4 Nf6 5. Nc3 a6 6. Be3 e6 7. f3 b5 8. Qd2 Nbd7 9. g4 Nb6 10. a4 Nc4 11. Bxc4 bxc4 12. g5 Nd7 13. f4 Bb7 14. f5 Nc5 15. fxe6 fxe6 16. Qg2 g6 17. Rf1 Qd7 18. Nde2 Bg7 19. Bd4 Bxd4 20. Nxd4 0-0-0 21. Qe2 e5 22. Nf3 Qg4 23. Nd2 Qxg5 24. 0-0-0 Kb8 25. Kb1 Qh4 26. Qxc4 Rc8 27. Rf7 Rhd8 28. Nb3 Nxb3 29. Qxb3 Rc7 30. Rxc7 Kxc7 31. Rf1 Qg4 32. Rf7+ Rd7 33. h3 Qg1+ 34. Ka2 Rxf7 35. Qxf7+ Kb6 36. Qxh7 Qd4 37. Qxg6 Qc4+ 38. Ka3 Qc5+ 39. Kb3 Ka5 40. Qg8 Qb4+ 41. Ka2 Qc5 42. h4 d5 43. Qd8+ Kb4 44. Nxd5+ Bxd5+ 45. Qxd5 Qxc2 46. Qd6+ Ka5 47. Qxe5+ Kxa4 48. Qc3 Qe2 49. Qd4+ Kb5 50. Qd5+ Kb6 51. h5 Qh2 52. Qe6+ Kb5 53. h6 Qc7 54. Qb3+ 1-0

[Event "Llucmajor op 2nd"]
[Site "Llucmajor"]
[Date "2013.05.01"]
[Round "4"]
[White "Roy Chowdhury, Saptarshi"]
[Black "Cabrera Pino, Alexis"]
[Result "1-0"]
[WhiteElo "2471"]
[BlackElo "2529"]
[PlyCount "73"]
[EventDate "2013.04.28"]
[EventType "swiss"]
[EventRounds "9"]
[EventCountry "ESP"]
[SourceTitle "CBM 154 Extra"]
[Source "ChessBase"]
[SourceDate "2013.06.25"]
[SourceVersion "2"]
[SourceVersionDate "2013.06.25"]
[SourceQuality "1"]

1. e4 c5 2. Nf3 d6 3. Bc4 Nf6 4. d3 Nc6 5. h3 g6 6. 0-0 Bg7 7. c3 0-0 8. Bb3 b6 9. Re1 Ba6 10. a4 Ne5 11. Bc2 Rc8 12. Na3 Qd7 13. Bf4 Ne8 14. Bxe5 dxe5 15. Qe2 Nc7 16. Nc4 f6 17. Red1 Ne6 18. g3 Kh8 19. Bb3 Rcd8 20. Kh2 Bc8 21. Qf1 h5 22. Ne3 Bh6 23. Nd5 Kg7 24. Bc4 h4 25. Nxh4 Ng5 26. Ne3 Rh8 27. Re1 Nxh3 28. Nef5+ gxf5 29. Qxh3 Bg5 30. exf5 Rh6 31. Re4 Rdh8 32. Rg4 Bb7 33. Rxg5+ fxg5 34. f6+ Rxf6 35. Qxd7 gxh4 36. Qxe7+ Kg6 37. Qxb7 1-0

[Event "La Roda op 40th"]
[Site "La Roda"]
[Date "2013.03.31"]
[Round "8"]
[White "Cabrera Pino, Alexis"]
[Black "Strikovic, Aleksa"]
[Result "1-0"]
[WhiteElo "2529"]
[BlackElo "2500"]
[PlyCount "55"]
[EventDate "2013.03.27"]
[EventType "swiss"]
[EventRounds "9"]
[EventCountry "ESP"]
[SourceTitle "CBM 153 Extra"]
[Source "ChessBase"]
[SourceDate "2013.04.22"]
[SourceVersion "1"]
[SourceVersionDate "2013.04.22"]
[SourceQuality "1"]

1. e4 d6 2. d4 Nf6 3. Nc3 e5 4. Nf3 Nbd7 5. Bc4 Be7 6. 0-0 Nb6 7. Be2 exd4 8. Nxd4 0-0 9. a4 a5 10. f4 c6 11. Bf3 Re8 12. b3 Bf8 13. Ba3 g6 14. h3 Nbd7 15. Qd2 Qb6 16. Kh1 Nc5 17. e5 dxe5 18. fxe5 Rxe5 19. Qf4 Ncd7 20. Bxf8 Kxf8 21. Bg4 Re7 22. Qd6 Qb4 23. Rxf6 Qxc3 24. Rxf7+ Kxf7 25. Rf1+ Ke8 26. Ne6 Rxe6 27. Qxe6+ Kd8 28. Qd6 1-0

[Event "Salou op 14th"]
[Site "Salou"]
[Date "2012.05.13"]
[Round "9"]
[White "Cabrera Pino, Alexis"]
[Black "Franco Alonso, Alejandro"]
[Result "1-0"]
[WhiteElo "2510"]
[BlackElo "2463"]
[PlyCount "53"]
[EventDate "2012.05.03"]
[EventType "swiss"]
[EventRounds "9"]
[EventCountry "ESP"]
[SourceTitle "CBM 148 Extra"]
[Source "ChessBase"]
[SourceDate "2012.06.22"]
[SourceVersion "1"]
[SourceVersionDate "2012.06.22"]
[SourceQuality "1"]

1. d4 d5 2. c4 e6 3. Nc3 Nf6 4. cxd5 exd5 5. Bg5 c6 6. Qc2 Be7 7. e3 Nh5 8. Bxe7 Kxe7 9. Bd3 g6 10. Nge2 Re8 11. f3 Kf8 12. e4 Be6 13. 0-0 Nd7 14. Qd2 Kg8 15. e5 Ng7 16. Ng3 h5 17. f4 h4 18. f5 hxg3 19. f6 Nh5 20. Qh6 gxh2+ 21. Kh1 Ndxf6 22. exf6 Ng3+ 23. Kxh2 Nxf1+ 24. Rxf1 Qd6+ 25. Rf4 Qf8 26. Qg5 Qd6 27. Bxg6 1-0

[Event "Salou op 14th"]
[Site "Salou"]
[Date "2012.05.10"]
[Round "8"]
[White "Moskalenko, Viktor"]
[Black "Cabrera Pino, Alexis"]
[Result "0-1"]
[WhiteElo "2532"]
[BlackElo "2510"]
[PlyCount "114"]
[EventDate "2012.05.03"]
[EventType "swiss"]
[EventRounds "9"]
[EventCountry "ESP"]
[SourceTitle "CBM 148 Extra"]
[Source "ChessBase"]
[SourceDate "2012.06.22"]
[SourceVersion "1"]
[SourceVersionDate "2012.06.22"]
[SourceQuality "1"]

1. d4 Nf6 2. Bg5 d5 3. e3 Ne4 4. Bf4 c5 5. Bd3 Qb6 6. Bxe4 dxe4 7. Nc3 e6 8. Nge2 f5 9. 0-0 Nd7 10. a4 a6 11. a5 Qd8 12. Bg3 Nf6 13. Qb1 Bd7 14. Rd1 cxd4 15. Nxd4 Qe7 16. Na4 e5 17. Nb6 Rd8 18. Nxd7 Rxd7 19. Nxf5 Qe6 20. Rxd7 Nxd7 21. Nh4 g5 22. Qd1 gxh4 23. Bxh4 Be7 24. Bxe7 Kxe7 25. Ra4 Nf6 26. Rb4 Qc6 27. h3 Rd8 28. Qe2 Rd5 29. Rb6 Qc7 30. Qe1 Rc5 31. Rb3 Nd5 32. Qd1 Nf6 33. g4 h6 34. Kg2 Rxa5 35. Qe1 Ra4 36. Rc3 Rc4 37. Rxc4 Qxc4 38. Qa5 Nd7 39. Qa3+ Ke6 40. c3 b6 41. b4 Qe2 42. Qb3+ Ke7 43. Qg8 Qf3+ 44. Kg1 Qxh3 45. Qh7+ Kd6 46. Qg6+ Kc7 47. Qxe4 b5 48. Qg6 Qh4 49. Qxa6 Qxg4+ 50. Kf1 Qc4+ 51. Kg1 h5 52. Qa5+ Kd6 53. Qa6+ Qc6 54. Qa1 Ke7 55. Qf1 Nf6 56. Qe2 Ke6 57. f4 Qxc3 0-1

[Event "Salou op 14th"]
[Site "Salou"]
[Date "2012.05.04"]
[Round "2"]
[White "Tuz, Mykola"]
[Black "Cabrera Pino, Alexis"]
[Result "0-1"]
[WhiteElo "2091"]
[BlackElo "2510"]
[PlyCount "42"]
[EventDate "2012.05.03"]
[EventType "swiss"]
[EventRounds "9"]
[EventCountry "ESP"]
[SourceTitle "CBM 148 Extra"]
[Source "ChessBase"]
[SourceDate "2012.06.22"]
[SourceVersion "1"]
[SourceVersionDate "2012.06.22"]
[SourceQuality "1"]

1. d4 Nf6 2. c4 g6 3. Nc3 d5 4. cxd5 Nxd5 5. e4 Nxc3 6. bxc3 Bg7 7. Nf3 c5 8. Bb5+ Nd7 9. 0-0 0-0 10. a4 Qc7 11. Re1 b6 12. Bg5 e6 13. e5 Bb7 14. Be7 Nxe5 15. Bxf8 Nxf3+ 16. gxf3 Rxf8 17. Qd2 Rd8 18. Rac1 Rd5 19. f4 cxd4 20. cxd4 Qd6 21. Re4 Rxb5 0-1